[Event "Wch Blitz (Women)"]
[Site "Samarkand"]
[Date "2023.12.30"]
[Round "16"]
[White "Divya, Deshmukh"]
[Black "Muzychuk, Mariya"]
[Result "1-0"]
[WhiteElo "2420"]
[BlackElo "2510"]
[PlyCount "97"]
[EventDate "2023.12.29"]
[EventType "swiss (blitz)"]
[EventRounds "17"]
[EventCountry "UZB"]
[SourceTitle "CB01_2024"]
[SourceDate "2024.01.03"]
[SourceVersion "1"]
[SourceVersionDate "2024.01.03"]
[SourceQuality "1"]

1. e4 c5 2. Nf3 e6 3. d4 cxd4 4. Nxd4 Nf6 5. Bd3 Nc6 6. Be3 d5 7. Nxc6 bxc6 8. Nd2 Bd6 9. 0-0 0-0 10. f4 d4 11. Bxd4 Bxf4 12. Nb3 e5 13. Bc5 Re8 14. g3 Bh6 15. Qe2 Be6 16. Bc4 Qc8 17. Bxe6 Qxe6 18. Rad1 Rad8 19. Bxa7 Ra8 20. Bc5 Rxa2 21. Ba3 Ng4 22. Rf3 Bg5 23. Nc5 Qc8 24. h3 Nf6 25. h4 Bh6 26. Qc4 Qg4 27. Rdf1 Rxa3 28. bxa3 Rd8 29. Rd3 Rd4 30. Qa6 g5 31. Rxf6 gxh4 32. Rxh6 hxg3 33. Rxd4 exd4 34. Qf1 Qg5 35. Rf6 Qxc5 36. Kg2 Qxc2+ 37. Kxg3 Qxe4 38. Rf4 Qe3+ 39. Qf3 Qg1+ 40. Kh3 Qc1 41. Rg4+ Kf8 42. Rxd4 Qh6+ 43. Rh4 Qe6+ 44. Kg2 Qa2+ 45. Kg3 Qe6 46. Re4 Qg6+ 47. Kf2 Qd6 48. Qf4 Qxa3 49. Qb8+ 1-0

[Event "Wch Blitz (Women)"]
[Site "Samarkand"]
[Date "2023.12.30"]
[Round "13"]
[White "Muzychuk, Mariya"]
[Black "Gunina, Valentina"]
[Result "0-1"]
[WhiteElo "2510"]
[BlackElo "2437"]
[PlyCount "118"]
[EventDate "2023.12.29"]
[EventType "swiss (blitz)"]
[EventRounds "17"]
[EventCountry "UZB"]
[SourceTitle "CB01_2024"]
[SourceDate "2024.01.03"]
[SourceVersion "1"]
[SourceVersionDate "2024.01.03"]
[SourceQuality "1"]

1. e4 c6 2. d4 d5 3. Nc3 dxe4 4. Nxe4 Nf6 5. Nxf6+ exf6 6. c3 Bd6 7. Bd3 0-0 8. Qc2 c5 9. Bxh7+ Kh8 10. Bd3 cxd4 11. cxd4 Nc6 12. Ne2 Re8 13. 0-0 Nb4 14. Qd2 Bg4 15. Nc3 Nxd3 16. Qxd3 Qd7 17. h3 Bf5 18. Qf3 Kg8 19. Bf4 Bf8 20. Rad1 Rac8 21. d5 Rc4 22. Rfe1 Rxe1+ 23. Rxe1 b5 24. a3 a5 25. d6 Rd4 26. Nd5 Be6 27. Ne7+ Bxe7 28. dxe7 Qxe7 29. Be3 Rd8 30. Qc6 Qd7 31. Qxd7 Rxd7 32. b4 a4 33. Bc5 Rd3 34. Re3 Rd1+ 35. Kh2 Kh7 36. Rc3 Bc4 37. h4 Bb3 38. Be3 Ra1 39. Bc1 Ra2 40. Kg3 Bd5 41. Rd3 Bc4 42. Rc3 Bb3 43. Kf3 Kg6 44. g4 Bd5+ 45. Kg3 Kh7 46. h5 Re2 47. Be3 Re1 48. f3 Re2 49. Kf4 Bc4 50. Kg3 Ra2 51. Kf4 g6 52. hxg6+ fxg6 53. g5 fxg5+ 54. Kxg5 Kg7 55. Bd4+ Kf7 56. Be3 Rg2+ 57. Kf4 Ke6 58. Ke4 Bd5+ 59. Kf4 g5# 0-1

[Event "Wch Blitz (Women)"]
[Site "Samarkand"]
[Date "2023.12.29"]
[Round "2"]
[White "Kairbekova, Amina"]
[Black "Muzychuk, Mariya"]
[Result "1-0"]
[WhiteElo "2235"]
[BlackElo "2510"]
[PlyCount "63"]
[EventDate "2023.12.29"]
[EventType "swiss (blitz)"]
[EventRounds "17"]
[EventCountry "UZB"]
[SourceTitle "CB01_2024"]
[SourceDate "2024.01.03"]
[SourceVersion "1"]
[SourceVersionDate "2024.01.03"]
[SourceQuality "1"]

1. e4 c5 2. Nf3 e6 3. d4 cxd4 4. Nxd4 Nf6 5. Nc3 Nc6 6. Nxc6 bxc6 7. e5 Nd5 8. Ne4 Qc7 9. f4 Qb6 10. a3 f5 11. exf6 Nxf6 12. Nxf6+ gxf6 13. Qh5+ Kd8 14. Bd2 a5 15. Bd3 Be7 16. 0-0-0 Bb7 17. Rhe1 c5 18. Bc3 Bd5 19. Be4 Bxe4 20. Rxe4 Kc7 21. Qf7 Rae8 22. Ra4 Kb7 23. Rxd7+ Kc8 24. Rxe7 Qc6 25. Rxa5 Rd8 26. Qxe6+ Qxe6 27. Rxe6 Kd7 28. Rxf6 Rhe8 29. Ra7+ Kc8 30. Be5 Rd7 31. Rc6+ Kd8 32. Bf6+ 1-0

[Event "Wch Rapid (Women)"]
[Site "Samarkand"]
[Date "2023.12.27"]
[Round "6"]
[White "Beydullayeva, Govhar"]
[Black "Muzychuk, Mariya"]
[Result "1-0"]
[WhiteElo "2374"]
[BlackElo "2510"]
[PlyCount "135"]
[EventDate "2023.12.26"]
[EventType "swiss (rapid)"]
[EventRounds "11"]
[EventCountry "UZB"]
[SourceTitle "CB01_2024"]
[SourceDate "2024.01.03"]
[SourceVersion "1"]
[SourceVersionDate "2024.01.03"]
[SourceQuality "1"]

1. Nf3 d5 2. g3 g6 3. Bg2 Bg7 4. d4 Nf6 5. c4 c6 6. 0-0 0-0 7. Nc3 dxc4 8. e4 b5 9. Qe2 Bb7 10. Rd1 Nbd7 11. e5 Nd5 12. e6 fxe6 13. Qxe6+ Kh8 14. Ng5 Qe8 15. Nxd5 cxd5 16. Bxd5 Bxd5 17. Qxd5 e5 18. Be3 Nb6 19. Qg2 exd4 20. Rxd4 Bxd4 21. Bxd4+ Kg8 22. Bxb6 Qd7 23. Be3 Rae8 24. Qh3 Qxh3 25. Nxh3 a5 26. Nf4 Rc8 27. Bb6 b4 28. Bxa5 c3 29. bxc3 bxc3 30. Rc1 c2 31. Bd2 Rfd8 32. Be3 Rc4 33. Ne2 Ra8 34. Ra1 Rb4 35. Rc1 Rxa2 36. Kf1 Rc4 37. Ke1 Ra8 38. Nd4 Rd8 39. Nxc2 Kf7 40. Na3 Rxc1+ 41. Bxc1 Rd3 42. Nc2 h5 43. h4 Ke6 44. Be3 Kf5 45. Ke2 Rc3 46. Nd4+ Kg4 47. Bf4 Ra3 48. f3+ Kh3 49. Nc6 Kg2 50. Ne5 Ra6 51. Ke3 Rb6 52. Nd3 Ra6 53. Be5 Ra4 54. Ne1+ Kf1 55. Nc2 Kg2 56. Nd4 Kh3 57. Kf4 Ra5 58. Nc6 Ra4+ 59. Kg5 Ra3 60. Kxg6 Ra6 61. Kxh5 Rxc6 62. g4 Rc2 63. f4 Rg2 64. g5 Rg4 65. g6 Rxh4+ 66. Kg5 Rg4+ 67. Kf6 Kh4 68. Kf7 1-0

[Event "Wch Rapid (Women)"]
[Site "Samarkand"]
[Date "2023.12.26"]
[Round "1"]
[White "Muzychuk, Mariya"]
[Black "Yu, Jennifer R"]
[Result "0-1"]
[WhiteElo "2510"]
[BlackElo "2283"]
[PlyCount "74"]
[EventDate "2023.12.26"]
[EventType "swiss (rapid)"]
[EventRounds "11"]
[EventCountry "UZB"]
[SourceTitle "CB01_2024"]
[SourceDate "2024.01.03"]
[SourceVersion "1"]
[SourceVersionDate "2024.01.03"]
[SourceQuality "1"]

1. d4 d5 2. c4 e6 3. Nc3 a6 4. cxd5 exd5 5. Bf4 Nf6 6. e3 Bd6 7. Bg5 c6 8. Bd3 Be6 9. Nge2 h6 10. Bh4 Nbd7 11. h3 Qc7 12. 0-0 g5 13. Bg3 Bxg3 14. Nxg3 h5 15. Rc1 h4 16. Nf5 Rg8 17. f3 Nb6 18. Na4 Nxa4 19. Qxa4 Nh5 20. Rfe1 Bxf5 21. Bxf5 Ng3 22. Bd3 Kf8 23. Qb4+ Qe7 24. Qd2 f5 25. Qc2 g4 26. fxg4 fxg4 27. hxg4 Rxg4 28. Bf5 Rg5 29. Bh3 Kg7 30. Qd2 Rf8 31. Rc2 Qf6 32. Qd3 Qe7 33. Rf2 Rxf2 34. Kxf2 Rg6 35. Kg1 Rf6 36. Bg4 Qf7 37. Qc2 Rf1+ 0-1

[Event "FIDE Grand Swiss (Women)"]
[Site "Douglas"]
[Date "2023.11.04"]
[Round "10"]
[White "Muzychuk, Mariya"]
[Black "Milliet, Sophie"]
[Result "1-0"]
[WhiteElo "2519"]
[BlackElo "2391"]
[PlyCount "77"]
[EventDate "2023.10.25"]
[EventType "swiss"]
[EventRounds "11"]
[EventCountry "IOM"]
[SourceTitle "Mega2024 Update 01"]
[Source "Chessbase"]
[SourceDate "2023.11.12"]
[SourceVersion "1"]
[SourceVersionDate "2023.11.12"]
[SourceQuality "1"]

1. d4 Nf6 2. c4 e6 3. Nf3 d5 4. Nc3 c6 5. e3 Nbd7 6. Qc2 Bd6 7. Bd3 0-0 8. 0-0 dxc4 9. Bxc4 a6 10. Ne4 Nxe4 11. Qxe4 c5 12. Rd1 Qe7 13. b3 Nf6 14. Qh4 b5 15. dxc5 Bxc5 16. Bd3 Bb7 17. Bb2 Ne4 18. Qf4 f5 19. h4 Bd6 20. Be5 Ba3 21. h5 Rac8 22. Nd4 Nc3 23. Rd2 Nd5 24. Qg3 f4 25. exf4 Bc1 26. Nxe6 Bxd2 27. Nxg7 Qxe5 28. fxe5 Kh8 29. Ne6 Rg8 30. Qf3 Rce8 31. Be4 Bc3 32. Bxd5 Rxe6 33. Rd1 Bxd5 34. Rxd5 b4 35. Qf5 Rh6 36. Rd6 Rxd6 37. exd6 Kg7 38. Qg5+ Kh8 39. Qe7 1-0

[Event "FIDE Grand Swiss (Women)"]
[Site "Douglas"]
[Date "2023.10.29"]
[Round "5"]
[White "Roebers, Eline"]
[Black "Muzychuk, Mariya"]
[Result "0-1"]
[WhiteElo "2390"]
[BlackElo "2519"]
[PlyCount "72"]
[EventDate "2023.10.25"]
[EventType "swiss"]
[EventRounds "11"]
[EventCountry "IOM"]
[SourceTitle "Mega2024 Update 01"]
[Source "Chessbase"]
[SourceDate "2023.11.12"]
[SourceVersion "1"]
[SourceVersionDate "2023.11.12"]
[SourceQuality "1"]

1. e4 c5 2. Nf3 Nc6 3. d4 cxd4 4. Nxd4 Nf6 5. Nc3 e5 6. Ndb5 d6 7. Bg5 a6 8. Na3 b5 9. Nd5 Be7 10. Bxf6 Bxf6 11. c4 b4 12. Nc2 a5 13. g3 0-0 14. h4 Be6 15. Bh3 a4 16. Kf1 b3 17. Nce3 Nd4 18. Kg2 bxa2 19. Rxa2 Qb8 20. Qb1 Qb3 21. Rd1 Bxd5 22. cxd5 Rfb8 23. Rd3 Qb4 24. Qd1 Nb3 25. f3 Bd8 26. Rc3 Bb6 27. Nc2 Qb5 28. Kh2 Bc5 29. Bf1 Qb6 30. Rc4 Bg1+ 31. Kh3 Qa7 32. Bg2 Qd7+ 33. g4 Bf2 34. Nb4 Qd8 35. g5 Na5 36. Rc2 Bxh4 0-1

[Event "EU-Cup (Women) 27th"]
[Site "Durres"]
[Date "2023.10.06"]
[Round "6.1"]
[White "Muzychuk, Mariya"]
[Black "Khotenashvili, Bela"]
[Result "0-1"]
[WhiteElo "2519"]
[BlackElo "2483"]
[PlyCount "150"]
[EventDate "2023.10.01"]
[EventType "team-swiss"]
[EventRounds "7"]
[EventCountry "ALB"]
[SourceTitle "EXT 2024"]
[Source "ChessBase"]
[SourceDate "2023.10.10"]
[SourceVersion "1"]
[SourceVersionDate "2023.10.10"]
[SourceQuality "1"]
[WhiteTeam "Monte Carlo (W)"]
[BlackTeam "Ajka Garuda (W)"]
[WhiteTeamCountry "MNC"]
[BlackTeamCountry "HUN"]

1. e4 c6 2. Nc3 d5 3. Nf3 Bg4 4. h3 Bxf3 5. Qxf3 e6 6. d4 dxe4 7. Qxe4 Nf6 8. Qd3 Nbd7 9. g3 Be7 10. Bg2 0-0 11. 0-0 Qb6 12. Ne2 Rfd8 13. c4 a5 14. Be3 a4 15. Qc2 Qa5 16. Rfd1 a3 17. bxa3 Qxa3 18. Rdb1 Qa6 19. Qb3 Ba3 20. f4 Rab8 21. Nc3 h5 22. Kh2 Rdc8 23. Bf3 Qa5 24. g4 h4 25. g5 Ne8 26. g6 fxg6 27. c5 Nc7 28. Ne4 b6 29. Nd6 bxc5 30. Qd3 c4 31. Nxc4 Qa6 32. Be2 Nd5 33. Bd2 Be7 34. Qxg6 Nf8 35. Qc2 Bf6 36. Qe4 Rxb1 37. Rxb1 Qxa2 38. Rg1 Rd8 39. Rg2 Ne7 40. Be3 Nf5 41. Qxc6 Nxd4 42. Bxd4 Rxd4 43. Ne3 Qd2 44. Qf3 Qc3 45. Rg4 Rd2 46. Rg2 Rd4 47. Rg4 Qb2 48. Kh1 Qc1+ 49. Kg2 Rd2 50. Kf2 Rb2 51. f5 Rb1 52. Qf4 Qe1+ 53. Kf3 Qh1+ 54. Kf2 Qe1+ 55. Kf3 Rb2 56. Rg2 Nd7 57. Nc4 Rb3+ 58. Kg4 Rg3+ 59. Rxg3 Qxe2+ 60. Rf3 e5 61. Qe3 Qxc4+ 62. Kh5 Qf7+ 63. Kg4 Qc4+ 64. Kh5 Kh7 65. Qb3 Qe2 66. Qe3 Qg2 67. Rf2 Qd5 68. Rd2 Qf7+ 69. Kg4 Qc4+ 70. Kf3 Nc5 71. Rd1 Qc2 72. Rc1 Qxf5+ 73. Ke2 Ne6 74. Rf1 Nd4+ 75. Qxd4 Qxf1+ 0-1

[Event "EU-Cup (Women) 27th"]
[Site "Durres"]
[Date "2023.10.05"]
[Round "5.1"]
[White "Guichard, Pauline"]
[Black "Muzychuk, Mariya"]
[Result "0-1"]
[WhiteElo "2358"]
[BlackElo "2519"]
[PlyCount "118"]
[EventDate "2023.10.01"]
[EventType "team-swiss"]
[EventRounds "7"]
[EventCountry "ALB"]
[SourceTitle "EXT 2024"]
[Source "ChessBase"]
[SourceDate "2023.10.10"]
[SourceVersion "1"]
[SourceVersionDate "2023.10.10"]
[SourceQuality "1"]
[WhiteTeam "Asnieres (W)"]
[BlackTeam "Monte Carlo (W)"]
[WhiteTeamCountry "FRA"]
[BlackTeamCountry "MNC"]

1. d4 Nf6 2. c4 e6 3. Nc3 Bb4 4. e3 0-0 5. Bd3 c5 6. Nge2 d5 7. cxd5 cxd4 8. exd4 Nxd5 9. 0-0 Nc6 10. a3 Be7 11. Bc2 b6 12. Qd3 g6 13. Bh6 Re8 14. Ba4 Bb7 15. Rac1 Rc8 16. Rfd1 a6 17. b4 Bg5 18. Bxg5 Qxg5 19. Nxd5 Qxd5 20. Nc3 Qg5 21. Qe3 Qxe3 22. fxe3 Red8 23. Bb3 Ne7 24. Na4 Bd5 25. Bxd5 Nxd5 26. Kf2 f5 27. Ke2 Kf7 28. Kd3 e5 29. Nc3 Nxc3 30. Rxc3 Rxc3+ 31. Kxc3 Ke6 32. Kd3 Rc8 33. h4 Kd5 34. dxe5 Kxe5 35. Ke2 Ke6 36. Kf3 Rc3 37. Rd8 Rxa3 38. Rb8 b5 39. Rh8 h5 40. Rg8 Kf7 41. Rb8 Ra4 42. Rb7+ Kf6 43. Rb6+ Kg7 44. g3 Rxb4 45. Rxa6 Rg4 46. Re6 Kf7 47. Re5 b4 48. Rd5 Ke6 49. Rd8 Ke5 50. Rd7 Rc4 51. Ke2 Rc1 52. Rb7 Rb1 53. Rb6 b3 54. Kd3 b2 55. Rb5+ Ke6 56. Rb6+ Kd5 57. Rb5+ Kc6 58. Rb8 Rd1+ 59. Kc2 b1Q+ 0-1

[Event "EU-Cup (Women) 27th"]
[Site "Durres"]
[Date "2023.10.04"]
[Round "4.1"]
[White "Ushenina, Anna"]
[Black "Muzychuk, Mariya"]
[Result "1/2-1/2"]
[WhiteElo "2434"]
[BlackElo "2519"]
[PlyCount "84"]
[EventDate "2023.10.01"]
[EventType "team-swiss"]
[EventRounds "7"]
[EventCountry "ALB"]
[SourceTitle "EXT 2024"]
[Source "ChessBase"]
[SourceDate "2023.10.10"]
[SourceVersion "1"]
[SourceVersionDate "2023.10.10"]
[SourceQuality "1"]
[WhiteTeam "Gaz Ukraine (W)"]
[BlackTeam "Monte Carlo (W)"]
[WhiteTeamCountry "UKR"]
[BlackTeamCountry "MNC"]

1. d4 d5 2. c4 c6 3. Nf3 Nf6 4. Nc3 e6 5. e3 Nbd7 6. Bd3 dxc4 7. Bxc4 b5 8. Bd3 a6 9. e4 c5 10. d5 c4 11. dxe6 cxd3 12. exd7+ Qxd7 13. Ne5 Qe7 14. Bf4 Nxe4 15. 0-0 Nxc3 16. bxc3 Qb7 17. Qxd3 Be7 18. a4 0-0 19. axb5 axb5 20. Rxa8 Qxa8 21. Re1 b4 22. cxb4 Bxb4 23. Qe4 Qxe4 24. Rxe4 Bd6 25. Nc6 Bxf4 26. Rxf4 Re8 27. h3 Bb7 28. Nd4 g6 29. Rf6 Kg7 30. Rd6 Re7 31. Kh2 Bc8 32. Kg3 Rd7 33. Rxd7 Bxd7 34. Kf4 Kf6 35. h4 h6 36. f3 g5+ 37. hxg5+ hxg5+ 38. Ke4 Bc8 39. g4 Bb7+ 40. Ke3 Ke5 41. Nf5 Bc8 42. Ng3 f5 1/2-1/2

[Event "World-chT Rapid"]
[Site "Dusseldorf"]
[Date "2023.08.28"]
[Round "10"]
[White "Paehtz, Elisabeth"]
[Black "Muzychuk, Mariya"]
[Result "0-1"]
[WhiteElo "2471"]
[BlackElo "2511"]
[PlyCount "64"]
[EventDate "2023.08.26"]
[EventType "team-swiss (rapid)"]
[EventRounds "12"]
[EventCountry "GER"]
[SourceTitle "CBM 215 Extra"]
[Source "ChessBase"]
[SourceDate "2023.09.30"]
[SourceVersion "1"]
[SourceVersionDate "2023.09.30"]
[SourceQuality "1"]
[WhiteTeam "Berlin Chess Federation"]
[BlackTeam "Ashdod Elit CC"]
[WhiteTeamCountry "GER"]
[BlackTeamCountry "ISR"]

1. d4 Nf6 2. Nf3 d5 3. Bf4 Bf5 4. e3 e6 5. Nbd2 Bd6 6. Bg3 0-0 7. c4 c6 8. Qb3 Bxg3 9. hxg3 Qc7 10. Rc1 Nbd7 11. Bd3 Bxd3 12. Qxd3 h6 13. Rh4 Qd6 14. c5 Qe7 15. Qc3 Rfe8 16. Ne5 Nxe5 17. dxe5 Nd7 18. Ke2 b6 19. Nb3 Qg5 20. Ra4 Qxe5 21. Qxe5 Nxe5 22. Nd4 Rec8 23. cxb6 axb6 24. Rxa8 Rxa8 25. Nxc6 Nc4 26. Nb4 Nxb2 27. Rc6 Nc4 28. e4 Ra4 29. a3 Nxa3 30. Rxb6 dxe4 31. Rb8+ Kh7 32. Ke3 Rxb4 0-1

[Event "World-chT Rapid"]
[Site "Dusseldorf"]
[Date "2023.08.26"]
[Round "4.4"]
[White "Muzychuk, Mariya"]
[Black "Efroimski, Marsel"]
[Result "1-0"]
[WhiteElo "2511"]
[BlackElo "2439"]
[PlyCount "115"]
[EventDate "2023.08.26"]
[EventType "team-swiss (rapid)"]
[EventRounds "12"]
[EventCountry "GER"]
[SourceTitle "CBM 215 Extra"]
[Source "ChessBase"]
[SourceDate "2023.09.30"]
[SourceVersion "1"]
[SourceVersionDate "2023.09.30"]
[SourceQuality "1"]
[WhiteTeam "Ashdod Elit CC"]
[BlackTeam "Rishon Le Zion"]
[WhiteTeamCountry "ISR"]
[BlackTeamCountry "ISR"]

1. e4 e6 2. d4 d5 3. Nc3 Nf6 4. Bg5 dxe4 5. Nxe4 Nbd7 6. Nf3 h6 7. Nxf6+ Nxf6 8. Be3 Ng4 9. Bd2 c5 10. Bb5+ Bd7 11. Qe2 a6 12. Bxd7+ Qxd7 13. Bc3 Nf6 14. dxc5 Bxc5 15. Bxf6 gxf6 16. 0-0 Ke7 17. Rad1 Qc6 18. Nh4 Rhg8 19. g3 Rg5 20. Rd3 Rd8 21. Rxd8 Kxd8 22. Rd1+ Rd5 23. Ng2 Ke7 24. Nf4 Rxd1+ 25. Qxd1 Qb6 26. Nd3 Bd6 27. b3 Qa5 28. a4 Qc3 29. Qf3 b6 30. Qb7+ Bc7 31. Nb4 Qe1+ 32. Kg2 Qxb4 33. Qxc7+ Kf8 34. Qc8+ Kg7 35. Qxa6 Qe4+ 36. Kg1 Qxc2 37. Qxb6 Qb1+ 38. Kg2 Qe4+ 39. Kf1 Qb1+ 40. Ke2 Qc2+ 41. Kf3 Qf5+ 42. Ke3 Qe5+ 43. Kd3 Qd5+ 44. Kc3 e5 45. a5 e4 46. a6 Qd3+ 47. Kb4 Qd2+ 48. Kb5 Qd5+ 49. Ka4 Qd7+ 50. Ka3 Qe7+ 51. b4 Qe5 52. a7 Qa1+ 53. Kb3 Qd1+ 54. Kc4 Qd3+ 55. Kc5 Qc2+ 56. Kd6 Qd1+ 57. Kc7 Qc2+ 58. Kb8 1-0

[Event "FRA-chT Top 12 (Women) GpB"]
[Site "Mulhouse"]
[Date "2023.05.20"]
[Round "3.3"]
[White "Muzychuk, Mariya"]
[Black "Batsiashvili, Nino"]
[Result "0-1"]
[WhiteElo "2515"]
[BlackElo "2467"]
[PlyCount "108"]
[EventDate "2023.05.18"]
[EventType "team-tourn"]
[EventRounds "5"]
[EventCountry "FRA"]
[SourceTitle "CBM 214 Extra"]
[Source "ChessBase"]
[SourceDate "2023.07.31"]
[SourceVersion "1"]
[SourceVersionDate "2023.07.31"]
[SourceQuality "1"]
[WhiteTeam "Mulhouse Philidor (W)"]
[BlackTeam "Tour de Juvisy (W)"]
[WhiteTeamCountry "NED"]
[BlackTeamCountry "FRA"]

1. e4 e5 2. Nf3 Nc6 3. Bb5 a6 4. Ba4 Nf6 5. 0-0 d6 6. Re1 Bd7 7. c3 g6 8. d4 Bg7 9. h3 0-0 10. Nbd2 Nh5 11. Nf1 Qe8 12. Bc2 f5 13. exf5 gxf5 14. dxe5 dxe5 15. Ng5 Kh8 16. g4 fxg4 17. hxg4 Nf6 18. f3 h6 19. Ne4 Nxe4 20. Bxe4 Ne7 21. Ng3 Bc6 22. Qe2 Rd8 23. Be3 Bxe4 24. fxe4 Ng8 25. g5 Qg6 26. Kg2 hxg5 27. Rh1+ Bh6 28. Nf5 Rxf5 29. exf5 Qxf5 30. Raf1 Qg6 31. Qc4 Rd7 32. Qg4 Rg7 33. Qf5 Qc6+ 34. Kg3 Qd6 35. Rd1 Qg6 36. Qxg6 Rxg6 37. Rd5 Kg7 38. Rxe5 Kf7 39. Rf1+ Rf6 40. Rd1 Rd6 41. Bd4 Kg6 42. Rde1 Bg7 43. Re6+ Rxe6 44. Rxe6+ Kf5 45. Re8 Nf6 46. Re7 Nh5+ 47. Kf2 Bxd4+ 48. cxd4 Nf4 49. Rxc7 b5 50. Rc6 Ke4 51. Rxa6 Nd3+ 52. Ke2 Nxb2 53. Rb6 Na4 54. Rg6 Kxd4 0-1

[Event "FRA-chT Top 12 (Women) GpB"]
[Site "Mulhouse"]
[Date "2023.05.19"]
[Round "2.1"]
[White "Cramling, Pia"]
[Black "Muzychuk, Mariya"]
[Result "1/2-1/2"]
[WhiteElo "2443"]
[BlackElo "2515"]
[PlyCount "60"]
[EventDate "2023.05.18"]
[EventType "team-tourn"]
[EventRounds "5"]
[EventCountry "FRA"]
[SourceTitle "CBM 214 Extra"]
[Source "ChessBase"]
[SourceDate "2023.07.31"]
[SourceVersion "1"]
[SourceVersionDate "2023.07.31"]
[SourceQuality "1"]
[WhiteTeam "Monaco (W)"]
[BlackTeam "Mulhouse Philidor (W)"]
[WhiteTeamCountry "MNC"]
[BlackTeamCountry "NED"]

1. d4 Nf6 2. c4 e6 3. Nf3 d5 4. Nc3 c6 5. Bg5 h6 6. Bxf6 Qxf6 7. e3 Nd7 8. Bd3 dxc4 9. Bxc4 g6 10. 0-0 Bg7 11. Rc1 0-0 12. Bb3 Qe7 13. Ne4 Kh7 14. Nc5 b6 15. Nxd7 Bxd7 16. Ne5 Rac8 17. Nxd7 Qxd7 18. g3 Qd6 19. Qf3 c5 20. dxc5 Rxc5 21. Rxc5 Qxc5 22. Rd1 Qc7 23. Qe2 Rd8 24. Rxd8 Qxd8 25. Bc4 Qd7 26. b3 Bc3 27. Qd3 Qxd3 28. Bxd3 Kg7 29. Kf1 Kf6 30. Ke2 Ke5 1/2-1/2

[Event "FRA-chT Top 12 (Women) GpB"]
[Site "Mulhouse"]
[Date "2023.05.18"]
[Round "1.3"]
[White "Diez, Ambre"]
[Black "Muzychuk, Mariya"]
[Result "0-1"]
[WhiteElo "1966"]
[BlackElo "2515"]
[PlyCount "88"]
[EventDate "2023.05.18"]
[EventType "team-tourn"]
[EventRounds "5"]
[EventCountry "FRA"]
[SourceTitle "CBM 214 Extra"]
[Source "ChessBase"]
[SourceDate "2023.07.31"]
[SourceVersion "1"]
[SourceVersionDate "2023.07.31"]
[SourceQuality "1"]
[WhiteTeam "Bordeaux d'Aquitaine (W)"]
[BlackTeam "Mulhouse Philidor (W)"]
[WhiteTeamCountry "FRA"]
[BlackTeamCountry "NED"]

1. Nf3 c5 2. g3 Nc6 3. Bg2 e5 4. d3 g6 5. c4 Bg7 6. Nc3 Nge7 7. 0-0 0-0 8. Bd2 d6 9. Qc1 a6 10. Rb1 Rb8 11. a3 b5 12. cxb5 axb5 13. b4 cxb4 14. axb4 d5 15. Bh6 f6 16. Bxg7 Kxg7 17. Nd2 Qd6 18. Qa3 f5 19. Rfc1 Rb6 20. Nb3 d4 21. Nd1 Ra6 22. Qb2 Qxb4 23. Nd2 Qxb2 24. Rxb2 b4 25. Nb3 Rf6 26. e3 Ra3 27. f4 Be6 28. Nc5 exf4 29. gxf4 Bf7 30. Rcb1 dxe3 31. Nxe3 Rd6 32. Nc2 Rc3 33. Na4 Rcxd3 34. Nxb4 Nxb4 35. Rxb4 Nd5 36. Bxd5 R6xd5 37. Nb6 R5d4 38. Kg2 Rd2+ 39. Kg1 Be6 40. Na8 Rd1+ 41. Rxd1 Rxb4 42. Nc7 Bf7 43. Rd7 Kf6 44. Rd6+ Ke7 0-1

[Event "Munich FIDE GP (Women)"]
[Site "Munich"]
[Date "2023.02.12"]
[Round "10"]
[White "Abdumalik, Zhansaya"]
[Black "Muzychuk, Mariya"]
[Result "1-0"]
[WhiteElo "2496"]
[BlackElo "2523"]
[PlyCount "139"]
[EventDate "2023.02.02"]
[EventType "tourn"]
[EventRounds "11"]
[EventCountry "GER"]
[EventCategory "11"]
[SourceTitle "CBM 212 Extra"]
[Source "ChessBase"]
[SourceDate "2023.03.31"]
[SourceVersion "1"]
[SourceVersionDate "2023.03.31"]
[SourceQuality "1"]

1. e4 c5 2. Nf3 Nc6 3. Bb5 e6 4. 0-0 Nge7 5. d4 cxd4 6. Nxd4 Qb6 7. Nxc6 bxc6 8. Bd3 Ng6 9. c4 Be7 10. Nc3 0-0 11. Re1 d6 12. Na4 Qc7 13. c5 dxc5 14. Qc2 Rd8 15. Be2 Nf4 16. Bf1 e5 17. Nxc5 Bxc5 18. Qxc5 Ne6 19. Qc3 c5 20. Be3 Bb7 21. Rac1 Rac8 22. f3 Qd6 23. Qa3 a6 24. Rc3 Rc7 25. Rec1 Rdc8 26. Qa5 Rc6 27. b4 cxb4 28. Rxc6 Rxc6 29. Rxc6 Qxc6 30. Qxb4 h6 31. Qb2 Qc7 32. Kf2 Kh7 33. a4 Bc6 34. Bb6 Qd6 35. a5 Nc5 36. Qc2 Nd7 37. Be3 Bb7 38. Qb3 Qc6 39. Qxf7 Nf6 40. Qb3 Qc7 41. Bc4 Bc8 42. Qb4 Qc6 43. h4 Be6 44. Bd3 Nd7 45. g4 Kg6 46. Qe7 Nf6 47. h5+ Kh7 48. Qc5 Qa4 49. Qxe5 Bxg4 50. Qb2 Bxf3 51. Kxf3 Qd1+ 52. Qe2 Qh1+ 53. Kf2 Nxe4+ 54. Bxe4+ Qxe4 55. Qxa6 Qh4+ 56. Ke2 Qh2+ 57. Kd1 Qxh5+ 58. Kd2 Qh2+ 59. Qe2 Qc7 60. Qd3+ Kh8 61. Qd5 Qh2+ 62. Kc3 Qc7+ 63. Qc5 Qb7 64. Qb6 Qc8+ 65. Kb3 Qf5 66. Bd4 Qb1+ 67. Kc4 Qc2+ 68. Bc3 Qa4+ 69. Kc5 Qd7 70. Qxh6+ 1-0

[Event "Munich FIDE GP (Women)"]
[Site "Munich"]
[Date "2023.02.11"]
[Round "9"]
[White "Muzychuk, Mariya"]
[Black "Harika, Dronavalli"]
[Result "1/2-1/2"]
[WhiteElo "2523"]
[BlackElo "2507"]
[PlyCount "77"]
[EventDate "2023.02.02"]
[EventType "tourn"]
[EventRounds "11"]
[EventCountry "GER"]
[EventCategory "11"]
[SourceTitle "CBM 212 Extra"]
[Source "ChessBase"]
[SourceDate "2023.03.31"]
[SourceVersion "1"]
[SourceVersionDate "2023.03.31"]
[SourceQuality "1"]

1. e4 e5 2. Nf3 Nc6 3. Bc4 Bc5 4. 0-0 Nf6 5. d3 d6 6. c3 a5 7. h3 h6 8. Re1 0-0 9. Nbd2 Be6 10. Bb5 Ba7 11. Nf1 Ne7 12. d4 Ng6 13. Ng3 Nh7 14. Be3 Ng5 15. Nxg5 hxg5 16. d5 Bc8 17. Nf5 Nh4 18. Nxh4 gxh4 19. Qh5 Bxe3 20. fxe3 a4 21. Rf1 Ra5 22. Bd3 Bd7 23. Rf3 Be8 24. g3 f5 25. Qxh4 Qxh4 26. gxh4 fxe4 27. Rxf8+ Kxf8 28. Bxe4 Rb5 29. Rf1+ Ke7 30. Rf2 a3 31. b3 c6 32. c4 Rb4 33. Rg2 Kf6 34. Rd2 c5 35. Rf2+ Ke7 36. Rg2 Kf6 37. Rf2+ Ke7 38. Rg2 Kf6 39. Rf2+ 1/2-1/2

[Event "Munich FIDE GP (Women)"]
[Site "Munich"]
[Date "2023.02.04"]
[Round "3"]
[White "Muzychuk, Mariya"]
[Black "Koneru, Humpy"]
[Result "1/2-1/2"]
[WhiteElo "2523"]
[BlackElo "2572"]
[PlyCount "62"]
[EventDate "2023.02.02"]
[EventType "tourn"]
[EventRounds "11"]
[EventCountry "GER"]
[EventCategory "11"]
[SourceTitle "CBM 212 Extra"]
[Source "ChessBase"]
[SourceDate "2023.03.31"]
[SourceVersion "1"]
[SourceVersionDate "2023.03.31"]
[SourceQuality "1"]

1. e4 e5 2. Nf3 Nc6 3. Nc3 Nf6 4. d4 exd4 5. Nxd4 Bb4 6. Nxc6 bxc6 7. Bd3 d5 8. exd5 0-0 9. 0-0 cxd5 10. Bg5 Be6 11. Qf3 h6 12. Bxf6 Qxf6 13. Qxf6 gxf6 14. Nb5 c5 15. a3 Ba5 16. b4 Bb6 17. Rfd1 Rfd8 18. c3 Rac8 19. a4 a6 20. bxc5 Rxc5 21. Nd4 Ra8 22. Bf5 Re8 23. Re1 Rxc3 24. Nxe6 fxe6 25. Bxe6+ Kf8 26. Bxd5 Rxe1+ 27. Rxe1 Ra3 28. Bc6 Ra2 29. Re8+ Kf7 30. Bd5+ Kxe8 31. Bxa2 Ke7 1/2-1/2